| 000 | 00344nam a22001337a 4500 | ||
|---|---|---|---|
| 082 |
_a671.7 _bELE _cL-32, P-65 |
||
| 100 |
_aShukhov, Yu _945055 |
||
| 245 | _aPressworking/ | ||
| 260 |
_aMoscow: _bMir Publication, _cc1969 |
||
| 300 |
_a303 p, _bill,: _c18cm |
||
| 526 |
_a0 _b0 _c0 _d671_700000000000000_ELE |
||
| 650 |
_aMCE _9379 |
||
| 942 |
_2ddc _cBK |
||
| 999 |
_c548665 _d548665 |
||